000 00293nam a22001337a 4500
008 170215b xxu||||| |||| 00| 0 eng d
020 _a9780316774642
041 _aeng
080 _24TH
_a61
100 _a4
101 _aSHM
245 _aMANUAL OF NEPHROLOGY
_cSCHRIER, R.W
942 _2udc
_cBK
999 _c5549
_d5549